| 000 -CABECERA |
| campo de control de longitud fija |
01589nam a22003497a 4500 |
| 003 - IDENTIFICADOR DEL NÚMERO DE CONTROL |
| campo de control |
OSt |
| 005 - FECHA Y HORA DE LA ÚLTIMA TRANSACCIÓN |
| campo de control |
20260209161420.0 |
| 008 - DATOS DE LONGITUD FIJA--INFORMACIÓN GENERAL |
| campo de control de longitud fija |
260209b ||||| |||| 00| 0 spa d |
| 020 ## - NÚMERO INTERNACIONAL ESTÁNDAR DEL LIBRO |
| Número Internacional Estándar del Libro |
9789585479814 |
| 040 ## - FUENTE DE LA CATALOGACIÓN |
| Centro/agencia transcriptor |
CO-Mq BPB |
| 041 0# - CÓDIGO DE LENGUA |
| Código de lengua del texto/banda sonora o título independiente |
spa |
| 043 ## - CÓDIGO DE ÁREA GEOGRÁFICA |
| Código de área geográfica |
s-ck--- |
| 084 ## - OTRO NÚMERO DE CLASIFICACIÓN |
| Número de clasificación |
AP |
| Número de documento/Ítem |
LOPn |
| 100 10 - ENTRADA PRINCIPAL--NOMBRE DE PERSONA |
| Nombre de persona |
López, Lyda Cristina |
| Término indicativo de función/relación |
aut |
| 9 (RLIN) |
166950 |
| 245 10 - MENCIÓN DE TÍTULO |
| Título |
Nostalgia de un tambor / |
| Mención de responsabilidad, etc. |
Lyda Cristina López. |
| 250 ## - MENCIÓN DE EDICIÓN |
| Mención de edición |
Edición especial |
| 264 #1 - PRODUCCIÓN, PUBLICACIÓN, DISTRIBUCIÓN, FABRICACIÓN Y COPYRIGHT |
| Producción, publicación, distribución, fabricación y copyright |
Bogotá, Colombia : |
| Nombre del de productor, editor, distribuidor, fabricante |
Apidama editores, |
| Fecha de producción, publicación, distribución, fabricación o copyright |
2024 |
| 300 ## - DESCRIPCIÓN FÍSICA |
| Extensión |
59 páginas; |
| Otras características físicas |
Tapa rustica |
| Dimensiones |
16 cm |
| 336 ## - TIPO DE CONTENIDO |
| Término de tipo de contenido |
texto |
| Código de tipo de contenido |
txt |
| Fuente |
rdacontent |
| 337 ## - TIPO DE MEDIO |
| Nombre/término del tipo de medio |
sin mediación |
| Código del tipo de medio |
n |
| Fuente |
rdamedia |
| 338 ## - TIPO DE SOPORTE |
| Nombre/término del tipo de soporte |
volumen |
| Código del tipo de soporte |
nc |
| Fuente |
rdacarrier |
| 500 ## - NOTA GENERAL |
| Nota general |
Incluye datos biográficos de la autora |
| 520 ## - SUMARIO, ETC. |
| Sumario, etc. |
Con este poemario: Nostalgia de un tambor, la poeta Lyda Cristina López, se sitúa dentro de la gran tradición de la poesía afro-hispanoamericana, responsable de incorporar el ritmo anfíbraco a la poesía castellana. Aquí escuchamos el ritmo del tambor de Yemayá, la diosa africana del mar quien, con su sensualidad femenina hace girar el Orbe, entre el asenso y el descenso de las aguas hacia el océano |
| 545 ## - DATOS BIOGRÁFICOS O HISTÓRICOS |
| Datos biográficos o históricos |
Incluye información biográfica de la autora |
| 650 17 - PUNTO DE ACCESO ADICIONAL DE MATERIA--TÉRMINO DE MATERIA |
| Término de materia o nombre geográfico como elemento de entrada |
Afrocolombianos en la poesía |
| Fuente del encabezamiento o término |
rnbp |
| 9 (RLIN) |
291753 |
| 650 17 - PUNTO DE ACCESO ADICIONAL DE MATERIA--TÉRMINO DE MATERIA |
| Término de materia o nombre geográfico como elemento de entrada |
Afrocolombianos |
| Subdivisión general |
Religión y mitología |
| Fuente del encabezamiento o término |
lemb |
| 9 (RLIN) |
7451 |
| 650 17 - PUNTO DE ACCESO ADICIONAL DE MATERIA--TÉRMINO DE MATERIA |
| Término de materia o nombre geográfico como elemento de entrada |
Música afrocolombiana en la literatura |
| Fuente del encabezamiento o término |
rnbp |
| 9 (RLIN) |
291754 |
| 650 17 - PUNTO DE ACCESO ADICIONAL DE MATERIA--TÉRMINO DE MATERIA |
| Término de materia o nombre geográfico como elemento de entrada |
Poesía colombiana |
| Subdivisión cronológica |
Siglo XX |
| Fuente del encabezamiento o término |
rnbp |
| 9 (RLIN) |
18774 |
| 650 17 - PUNTO DE ACCESO ADICIONAL DE MATERIA--TÉRMINO DE MATERIA |
| Término de materia o nombre geográfico como elemento de entrada |
Literatura colombiana |
| Fuente del encabezamiento o término |
rnbp |
| 9 (RLIN) |
2248 |
| 830 ## - PUNTO DE ACCESO ADICIONAL DE SERIE-TÍTULO UNIFORME |
| Título uniforme |
Mujeres escritoras colombianas |
| 9 (RLIN) |
326579 |
| 942 ## - ELEMENTOS DE PUNTO DE ACCESO ADICIONAL (KOHA) |
| Tipo de ítem Koha |
Libro Literatura |